Diffusion in and through solids /

Bibliographic Details
Main Author: Barrer, R. M. (Richard Maling)
Format: Book
Language:English
Published: Cambridge [England] : The University press, 1941.
Series:Cambridge series of physical chemistry.
Subjects:

MARC

Tag First Indicator Second Indicator Subfields
LEADER 00000cam a2200000 4500
001 in00000051895
005 20151007074055.0
008 760726s1941 enka b 00010 eng d
010 |a a 41004929  
035 |a (OCoLC)02335983 
035 |9 AAF0890AM 
040 |a TOL  |c TOL  |d TXA  |d UtOrBLW 
049 |a TXAM  |c 1 [101674]  |c 2 [423507] 
090 |a QD543  |b .B18 
092 |a 541.34  |b B272d 
100 1 |a Barrer, R. M.  |q (Richard Maling) 
245 1 0 |a Diffusion in and through solids /  |c by Richard M. Barrer. 
264 1 |a Cambridge [England] :  |b The University press,  |c 1941. 
300 |a xiii, 464 pages including illustrations, tables, diagrams ;  |c 22 cm. 
336 |a text  |b txt  |2 rdacontent 
337 |a unmediated  |b n  |2 rdamedia 
338 |a volume  |b nc  |2 rdacarrier 
490 1 |a The Cambridge series of physical chemistry 
504 |a "References" at end of each chapter. 
650 0 |a Diffusion. 
650 0 |a Solids. 
830 0 |a Cambridge series of physical chemistry. 
999 |a MARS 
999 f f |s c70c00bf-e9b2-3cd7-8ccc-d7da1f56f775  |i bff215a4-072c-3515-93df-e633f40602aa  |t 0 
952 f f |p ric  |a Texas A&M University  |b Rellis Campus  |c Joint Library Facility  |d Remote Storage  |t 0  |e QD543 .B18  |h Library of Congress classification  |i unmediated -- volume  |m A14800935951 
998 f f |a QD543 .B18  |t 0  |l Remote Storage